[Event "Vilnius Zavanelli Memorial op-A"]
[Site "Vilnius"]
[Date "2018.10.23"]
[Round "3"]
[White "Krykun, Yuriy"]
[Black "Strybuk, Artsiom I"]
[Result "1-0"]
[WhiteElo "2326"]
[BlackElo "2106"]
[PlyCount "61"]
[EventDate "2018.10.22"]
[EventType "swiss"]
[EventRounds "9"]
[EventCountry "LTU"]
[SourceTitle "CBM 187 Extra"]
[Source "ChessBase"]
[SourceDate "2018.11.04"]
[SourceVersion "1"]
[SourceVersionDate "2018.11.04"]
[SourceQuality "1"]

1. Nf3 Nf6 2. c4 g6 3. Nc3 c5 4. e4 d6 5. d4 cxd4 6. Nxd4 Bg7 7. Be2 0-0 8. Be3 Nc6 9. 0-0 Bd7 10. f3 Rc8 11. Qd2 Nxd4 12. Bxd4 Bc6 13. b4 b6 14. Rac1 Nd7 15. Be3 a6 16. Rfd1 Qc7 17. Nd5 Bxd5 18. cxd5 Qb7 19. Rxc8 Rxc8 20. Rc1 b5 21. Rc2 Kf8 22. Qc1 Rxc2 23. Qxc2 Ke8 24. a4 bxa4 25. Qxa4 Bc3 26. Qc6 Qxc6 27. dxc6 Ne5 28. c7 Kd7 29. Bb6 Bxb4 30. Bxa6 Bc5+ 31. Kf1 1-0